000 00346nam a2200121 i 4500
001 bg
245 0 _aZagadnienia nauczania mechaniki i wytrzymałości materiałów na studiach dla pracujących :
_bkonf. metod. p.t....
260 _aGliwice,
_c1975.
040 _cBPK
041 _apol
942 _cKS
008 s pl f |000 0 pol
999 _c15851
_d15851
856 _uhttp://koha.tu.koszalin.pl/cgi-bin/koha/opac-detail.pl?biblionumber=15851
_yKatalog online BPK